[Event "4NCL Online Division 4"]
[Site "online"]
[Date "2020.05.26"]
[Round "8.81"]
[White "Retallick, Lloyd"]
[Black "Garnett, John S"]
[Result "1-0"]
[WhiteElo "2065"]
[BlackElo "1982"]
[PlyCount "111"]
[EventDate "2020.05.26"]
[WhiteTeam "East Cornwall Killers"]
[BlackTeam "Ashfield Anonymous B"]

1. c4 e5 2. Nc3 Nc6 3. Nf3 g6 4. d4 exd4 5. Nxd4 Bg7 6. e3 Nge7 7. Be2 O-O 8.
O-O d6 9. Re1 Nxd4 10. exd4 Nf5 11. d5 Bd7 12. Bf4 Re8 13. Qd2 Be5 14. Bf1 Bxf4
15. Qxf4 Rxe1 16. Rxe1 Qf8 17. Ne4 Kg7 18. g4 Nh6 19. Nf6 Rd8 20. Qd4 Qh8 21.
Nxd7+ Kg8 22. Nf6+ Kf8 23. g5 Nf5 24. Qxa7 h6 25. Qxb7 hxg5 26. Ng4 Qd4 27. h3
Kg7 28. Qb3 f6 29. Qc3 Qxc3 30. bxc3 Ra8 31. Re2 Ra3 32. Rc2 Ne7 33. Ne3 f5 34.
Kg2 Kf6 35. Nd1 Ng8 36. Rb2 Nh6 37. Be2 g4 38. hxg4 fxg4 39. Kg3 Kg5 40. Bd3
Ra8 41. Ne3 Rf8 42. a4 Rf3+ 43. Kg2 Nf5 44. Bxf5 gxf5 45. a5 f4 46. Nf1 Rxc3
47. Ra2 f3+ 48. Kg1 Rb3 49. a6 Rb8 50. a7 Ra8 51. Ne3 Kf4 52. Ra4 Ke4 53. Nxg4
Kf4 54. c5+ Kg5 55. cxd6 cxd6 56. Nh2 1-0

[Event "4NCL Online Division 4"]
[Site "online"]
[Date "2020.05.26"]
[Round "8.82"]
[White "Flynn, David"]
[Black "Healey, Grant"]
[Result "1-0"]
[WhiteElo "1900"]
[BlackElo "1952"]
[PlyCount "105"]
[EventDate "2020.05.26"]
[WhiteTeam "Ashfield Anonymous B"]
[BlackTeam "East Cornwall Killers"]

1. e4 d5 2. exd5 Nf6 3. d4 Bg4 4. Nf3 Qxd5 5. Be2 Qh5 6. h3 Nc6 7. O-O Bxh3 8.
gxh3 Qxh3 9. Nh2 h5 10. Qd3 Qh4 11. c3 O-O-O 12. Qg3 Qxg3+ 13. fxg3 g5 14. Bxg5
Ne4 15. Bh4 f6 16. Bd3 Nd6 17. Nd2 Bh6 18. Ne4 Nxe4 19. Bxe4 Rdg8 20. Bxc6 bxc6
21. Rae1 Kd7 22. Kf2 Rh7 23. Kf3 f5 24. Re5 e6 25. Rfe1 Re8 26. Ra5 Bf8 27. Bf6
Rh6 28. Bg5 Rg6 29. Bf4 Rb8 30. b3 Rb7 31. Kf2 Bd6 32. Be5 Be7 33. Nf3 Bd6 34.
Rh1 Rh6 35. Nh4 Rb5 36. Rxb5 cxb5 37. Ng2 c5 38. Bxd6 Kxd6 39. dxc5+ Kxc5 40.
Nf4 e5 41. Nd3+ Kd5 42. Rh4 e4 43. Rxh5 Rf6 44. Nf4+ Ke5 45. Ke3 Rc6 46. Ne2
Rg6 47. Rh8 Ra6 48. Rb8 Ra5 49. Nd4 Rxa2 50. Rxb5+ Kd6 51. Rxf5 Rg2 52. Ne2 Kc7
53. Rf2 1-0

[Event "4NCL Online Division 4"]
[Site "online"]
[Date "2020.05.26"]
[Round "8.83"]
[White "Trudeau, Gary"]
[Black "Bromilow, Edward T"]
[Result "1-0"]
[WhiteElo "1870"]
[BlackElo "1862"]
[PlyCount "35"]
[EventDate "2020.05.26"]
[WhiteTeam "East Cornwall Killers"]
[BlackTeam "Ashfield Anonymous B"]

1. e4 c6 2. Nc3 Nf6 3. e5 Nd5 4. Nxd5 cxd5 5. Qf3 e6 6. d4 Nc6 7. c3 Qa5 8. Bd2
Be7 9. Qg3 g6 10. Nf3 b6 11. a4 Ba6 12. b4 Nxb4 13. cxb4 Bxb4 14. Bxa6 Bxd2+
15. Nxd2 Qxa6 16. Qe3 O-O 17. Qe2 Qxa4 18. Rxa4 1-0

[Event "4NCL Online Division 4"]
[Site "online"]
[Date "2020.05.26"]
[Round "8.84"]
[White "Pettinger, Martin"]
[Black "Hill, Michael"]
[Result "1/2-1/2"]
[WhiteElo "1645"]
[BlackElo "1727"]
[PlyCount "105"]
[EventDate "2020.05.26"]
[WhiteTeam "Ashfield Anonymous B"]
[BlackTeam "East Cornwall Killers"]

1. e4 c6 2. Nf3 d5 3. Nc3 dxe4 4. Nxe4 Bg4 5. h3 Bxf3 6. Qxf3 Nd7 7. d4 Ngf6 8.
Bc4 e6 9. Bf4 Nxe4 10. Qxe4 Nf6 11. Qe5 Be7 12. O-O Qb6 13. Rfe1 Qd8 14. Rad1
O-O 15. Bb3 Nd5 16. Bg3 Bf6 17. Qe4 g6 18. c3 Bg7 19. Rd3 Nf6 20. Qf3 Qb6 21.
Be5 Nd5 22. c4 Bxe5 23. Rxe5 Ne7 24. g4 Rad8 25. Qf4 Qc7 26. Qe3 Kg7 27. h4 h6
28. Bc2 b6 29. f4 Rd7 30. h5 b5 31. b3 Rfd8 32. Rd2 bxc4 33. bxc4 Qb6 34. hxg6
Rxd4 35. Rxd4 Qxd4 36. gxf7 Qxe3+ 37. Rxe3 Kxf7 38. Rd3 Rxd3 39. Bxd3 c5 40.
Kf2 Nc6 41. Ke3 Kf6 42. Ke4 Nd4 43. Bb1 Ne2 44. g5+ hxg5 45. fxg5+ Kxg5 46. Ke5
Nc3 47. Bc2 Nxa2 48. Kxe6 Nb4 49. Ba4 Nd3 50. Kd6 Nb2 51. Bb5 a5 52. Kxc5 Nxc4
53. Kxc4 1/2-1/2

[Event "4NCL Online Division 4"]
[Site "online"]
[Date "2020.05.26"]
[Round "8.91"]
[White "Patel, Rishi"]
[Black "Hogarth, Mark J"]
[Result "1-0"]
[WhiteElo "1891"]
[BlackElo "1902"]
[PlyCount "95"]
[EventDate "2020.05.26"]
[WhiteTeam "Harrow 3"]
[BlackTeam "Surbiton 3"]

1. e4 c5 2. Nf3 Nc6 3. Bb5 g6 4. c3 Bg7 5. d4 Qb6 6. a4 cxd4 7. O-O a6 8. Bxc6
Qxc6 9. Re1 dxc3 10. Nxc3 d6 11. Nd4 Qc7 12. Nd5 Qd8 13. Qc2 Bxd4 14. Nc7+ Kf8
15. Nxa8 Bd7 16. Nc7 e6 17. Bf4 Bc6 18. Nxa6 e5 19. Be3 Bxe3 20. Rxe3 Qb6 21.
Nb8 Nf6 22. Nxc6 bxc6 23. a5 Qa6 24. Rb3 Kg7 25. Rb6 Qc8 26. Qxc6 Qg4 27. f3
Qf4 28. Qxd6 Qe3+ 29. Kh1 Qg5 30. a6 Nh5 31. a7 Rc8 32. Rc6 Rd8 33. Qxd8 Qxd8
34. a8=Q Qd4 35. Qb7 Qe3 36. Rc7 Ng3+ 37. hxg3 Qh6+ 38. Kg1 Qe3+ 39. Kf1 Qd3+
40. Ke1 Qe3+ 41. Kd1 Qd3+ 42. Kc1 Qf1+ 43. Kc2 Qxg2+ 44. Kb3 Qxf3+ 45. Rc3 Qf6
46. Ra7 Qe6+ 47. Kc2 Qf6 48. Qxf7+ 1-0

[Event "4NCL Online Division 4"]
[Site "online"]
[Date "2020.05.26"]
[Round "8.92"]
[White "Voiculescu-Holvad, Stefan"]
[Black "Manmay Chopra"]
[Result "0-1"]
[WhiteElo "1772"]
[BlackElo "1855"]
[PlyCount "108"]
[EventDate "2020.05.26"]
[WhiteTeam "Surbiton 3"]
[BlackTeam "Harrow 3"]

1. d4 Nf6 2. c4 e6 3. g3 d5 4. Bg2 Bb4+ 5. Bd2 Be7 6. Nf3 O-O 7. Qc2 c6 8. O-O
Nbd7 9. b3 b6 10. Bc3 Bb7 11. Nbd2 Rc8 12. e4 dxe4 13. Ng5 c5 14. Ngxe4 Nxe4
15. Nxe4 Qc7 16. Rad1 Nf6 17. dxc5 Bxe4 18. Bxe4 Nxe4 19. Qxe4 Bxc5 20. Be5 Qe7
21. Rd3 Rfd8 22. Rfd1 f6 23. Bf4 e5 24. Bc1 Rxd3 25. Rxd3 Rd8 26. Rd5 g6 27.
Bb2 Kf7 28. Kg2 Rxd5 29. Qxd5+ Qe6 30. Qb7+ Qe7 31. Qe4 Qd6 32. Qb7+ Qe7 33.
Qxe7+ Kxe7 34. g4 Ke6 35. Kf3 f5 36. h3 e4+ 37. Kg3 Bd6+ 38. Kg2 f4 39. Kf1 Be5
40. Bc1 Kd6 41. Ba3+ Kc6 42. Ke2 Bd4 43. f3 e3 44. Bb4 a5 45. Be1 Kc5 46. Bh4
Kb4 47. Kd3 Bc5 48. Ke4 Ka3 49. Kxf4 Kxa2 50. Bf6 e2 51. Bc3 Bb4 52. Ke3 Bxc3
53. Kxe2 Kxb3 54. Kd3 a4 0-1

[Event "4NCL Online Division 4"]
[Site "online"]
[Date "2020.05.26"]
[Round "8.93"]
[White "Stotz, Martin"]
[Black "Ratnesan, Radha"]
[Result "0-1"]
[WhiteElo "1780"]
[BlackElo "1682"]
[PlyCount "48"]
[EventDate "2020.05.26"]
[WhiteTeam "Harrow 3"]
[BlackTeam "Surbiton 3"]

1. e4 e6 2. d4 d5 3. e5 c5 4. c3 Nc6 5. Nf3 Bd7 6. Bd2 Nge7 7. Bd3 Ng6 8. O-O
Qb6 9. Qb3 Qxb3 10. axb3 cxd4 11. cxd4 Be7 12. Na3 O-O 13. Rfc1 Rfc8 14. g3 Bb4
15. Bc3 a6 16. h4 f6 17. exf6 gxf6 18. Nc2 Bxc3 19. bxc3 e5 20. Be2 e4 21. Nd2
Nge7 22. Ne3 Rc7 23. Rc2 Rac8 24. g4 Nxd4 0-1

[Event "4NCL Online Division 4"]
[Site "online"]
[Date "2020.05.26"]
[Round "8.94"]
[White "Seymour, Paul"]
[Black "O'Neill, Richard"]
[Result "1-0"]
[WhiteElo "1667"]
[BlackElo "1645"]
[PlyCount "107"]
[EventDate "2020.05.26"]
[WhiteTeam "Surbiton 3"]
[BlackTeam "Harrow 3"]

1. d4 Nf6 2. Bf4 g6 3. e3 Bg7 4. c3 O-O 5. Nd2 d6 6. h3 Nbd7 7. Ngf3 b6 8. Be2
Bb7 9. O-O Nh5 10. Bh2 e5 11. dxe5 Nxe5 12. Nxe5 Bxe5 13. Bxe5 dxe5 14. Bf3
Bxf3 15. Nxf3 Qe7 16. Qe2 Rad8 17. Rad1 f6 18. Rxd8 Rxd8 19. Rd1 Ng7 20. e4 Ne6
21. g3 Rxd1+ 22. Qxd1 Nc5 23. b4 Qd7 24. Qxd7 Nxd7 25. Kf1 b5 26. Nd2 c5 27.
Ke2 c4 28. a4 a6 29. axb5 axb5 30. Nb1 Kf7 31. Na3 Ke6 32. f3 f5 33. Ke3 fxe4
34. fxe4 h6 35. Nxb5 Nb6 36. Nc7+ Kd7 37. Nd5 Nc8 38. g4 Ke6 39. h4 Nd6 40. Kf3
g5 41. h5 Nb5 42. Ne3 Nxc3 43. Nxc4 Nb5 44. Ne3 Nd6 45. Nf5 Nf7 46. Ke2 Kd7 47.
Kd3 Kc7 48. Kc4 Kd7 49. Kd5 Kc7 50. Ke6 Nd8+ 51. Kxe5 Nc6+ 52. Kf6 Nxb4 53.
Nxh6 Kd7 54. Nf7 1-0

[Event "4NCL Online Division 4"]
[Site "online"]
[Date "2020.05.26"]
[Round "8.101"]
[White "Keenan, Brendan"]
[Black "Tomlinson, Zak"]
[Result "1-0"]
[WhiteElo "1930"]
[BlackElo "1802"]
[PlyCount "71"]
[EventDate "2020.05.26"]
[WhiteTeam "Kent KJCA Kestrels C"]
[BlackTeam "Chessmates"]

1. d4 Nf6 2. Bf4 g6 3. e3 Bg7 4. Nf3 d6 5. Be2 O-O 6. h3 b6 7. O-O Bb7 8. Nbd2
c5 9. c3 Nbd7 10. Qb3 Qc7 11. Bh2 e5 12. dxe5 dxe5 13. Bc4 h6 14. a4 a6 15.
Rfd1 Qc6 16. Bf1 Qe6 17. Qxe6 fxe6 18. Nxe5 Nxe5 19. Bxe5 Rfd8 20. Nc4 Rxd1 21.
Rxd1 Nd5 22. Bxg7 Kxg7 23. e4 Nf6 24. Nxb6 Rb8 25. e5 Nd5 26. Nd7 Rc8 27. c4
Ne7 28. Nf6 Kf7 29. Bd3 Nc6 30. Ne4 Ke7 31. Nxc5 Rc7 32. Nxb7 Rxb7 33. Be4 Rc7
34. Bxc6 Rxc6 35. b3 g5 36. Rd6 1-0

[Event "4NCL Online Division 4"]
[Site "online"]
[Date "2020.05.26"]
[Round "8.102"]
[White "Fisher, Neal"]
[Black "Allison, Conrad"]
[Result "1-0"]
[WhiteElo "1720"]
[BlackElo "1837"]
[PlyCount "67"]
[EventDate "2020.05.26"]
[WhiteTeam "Chessmates"]
[BlackTeam "Kent KJCA Kestrels C"]

1. d4 d5 2. Bf4 c5 3. e3 cxd4 4. exd4 Nc6 5. Nf3 Bg4 6. c3 Nf6 7. Nbd2 e6 8.
Be2 Bd6 9. Ne5 Bxe2 10. Qxe2 Qc7 11. Ndf3 Ne4 12. g3 Nxe5 13. dxe5 Bc5 14. O-O
O-O 15. Nd4 Bb6 16. a4 a6 17. Qg4 Rfc8 18. h4 Qe7 19. a5 Bxd4 20. cxd4 Rc2 21.
f3 Nd2 22. Rf2 Qb4 23. Bh6 g6 24. Qf4 Qxb2 25. Raf1 f5 26. exf6 Kf7 27. Rxd2
Rac8 28. Rff2 Rc1+ 29. Kg2 Qa1 30. Qd6 Rg1+ 31. Kh3 Rh1+ 32. Kg4 Re8 33. Qc7+
Kxf6 34. Bg5# 1-0

[Event "4NCL Online Division 4"]
[Site "online"]
[Date "2020.05.26"]
[Round "8.104"]
[White "Harris, John"]
[Black "Verma, Shlok"]
[Result "1-0"]
[WhiteElo "1712"]
[BlackElo "1722"]
[PlyCount "107"]
[EventDate "2020.05.26"]
[WhiteTeam "Chessmates"]
[BlackTeam "Kent KJCA Kestrels C"]

1. e4 e6 2. d4 d5 3. Nd2 dxe4 4. Nxe4 Bd7 5. Nf3 Bc6 6. Bd3 Nd7 7. O-O Ngf6 8.
Bg5 Be7 9. Nxf6+ Nxf6 10. c3 O-O 11. Ne5 Bd7 12. Qc2 h6 13. Bh4 Nd5 14. Bxe7
Qxe7 15. Be4 Rab8 16. Rae1 Nf6 17. Bd3 c5 18. Nxd7 Nxd7 19. d5 e5 20. c4 Qg5
21. Qa4 Rfd8 22. Qxa7 f5 23. f3 Qf6 24. Qa3 Re8 25. Qc3 g6 26. a4 Qh4 27. Kh1
Qf6 28. Qc2 Rf8 29. Qd2 Kg7 30. Bc2 Rbe8 31. a5 Ra8 32. Ba4 Rfd8 33. Qc3 Kf7
34. Bxd7 Rxd7 35. Rxe5 Rxa5 36. Rfe1 Ra6 37. Qe3 g5 38. Qxc5 Qd6 39. Rxf5+ Kg7
40. Qd4+ Kh7 41. Qd3 Qg6 42. Qe4 Rg7 43. g4 Rc7 44. c5 Rg7 45. d6 Ra2 46. Qb1
Ra6 47. Qd3 Rd7 48. Re7+ Rxe7 49. dxe7 Ra1+ 50. Kg2 Re1 51. Rf7+ Kh8 52. Qxg6
Rg1+ 53. Kxg1 h5 54. Qh7# 1-0

[Event "4NCL Online Division 4"]
[Site "online"]
[Date "2020.05.26"]
[Round "8.111"]
[White "Bevan, Peter M"]
[Black "Hooker, Steve"]
[Result "0-1"]
[WhiteElo "1855"]
[BlackElo "1990"]
[PlyCount "68"]
[EventDate "2020.05.26"]
[WhiteTeam "Morriston Alekhine"]
[BlackTeam "Dorking"]

1. e4 g6 2. d4 Bg7 3. Nc3 a6 4. a4 b6 5. Nf3 Bb7 6. Be2 d6 7. O-O Nd7 8. Bg5 h6
9. Be3 e6 10. Qd2 Ne7 11. Rad1 d5 12. e5 Nf5 13. Bd3 Nxe3 14. fxe3 c5 15. Qf2
Qe7 16. b3 Rc8 17. Qe2 cxd4 18. exd4 Rxc3 19. Bxa6 Bxa6 20. Qxa6 O-O 21. Rd2
Rfc8 22. Rff2 f6 23. exf6 Bxf6 24. Rde2 Bg7 25. a5 R3c6 26. Qb5 bxa5 27. Qxa5
Qd6 28. Ne5 Nxe5 29. dxe5 Bxe5 30. Qd2 Rxc2 31. Qxh6 Rc1+ 32. Rf1 Bd4+ 33. Ref2
Bxf2+ 34. Kxf2 Qf8+ 0-1

[Event "4NCL Online Division 4"]
[Site "online"]
[Date "2020.05.26"]
[Round "8.112"]
[White "Herman, Thomas"]
[Black "Howells, Chris"]
[Result "1-0"]
[WhiteElo "1802"]
[BlackElo "1767"]
[PlyCount "93"]
[EventDate "2020.05.26"]
[WhiteTeam "Dorking"]
[BlackTeam "Morriston Alekhine"]

1. e4 e6 2. d4 d5 3. Nd2 Nc6 4. Ngf3 Nf6 5. e5 Ne4 6. Bd3 Nxd2 7. Bxd2 Nb4 8.
Be2 c5 9. c3 Nc6 10. O-O Qb6 11. Qb3 Qxb3 12. axb3 cxd4 13. cxd4 Be7 14. Bc3
Bd7 15. Ne1 O-O 16. f4 f5 17. g4 fxg4 18. Bxg4 g6 19. Nd3 b6 20. Kg2 a5 21. Kg3
Rac8 22. h4 Kh8 23. Rad1 Na7 24. b4 Nb5 25. bxa5 Nxc3 26. bxc3 bxa5 27. Rc1 h5
28. Bd1 Bb5 29. Rf3 Ra8 30. Ra1 Rfc8 31. Nb2 Kg7 32. Ba4 Be2 33. Re3 Bg4 34.
Rc1 Ba3 35. Rc2 Rab8 36. Nd3 Bd1 37. Ra2 Bxa4 38. Rxa3 Bc2 39. Nc5 Bf5 40. Rxa5
Rb1 41. Ra7+ Kf8 42. Re2 Ke8 43. Rea2 Rc1 44. R2a3 Rb8 45. Rh7 Kd8 46. Rh8+ Kc7
47. Na6+ 1-0

[Event "4NCL Online Division 4"]
[Site "online"]
[Date "2020.05.26"]
[Round "8.113"]
[White "Williams, Duncan"]
[Black "Davies, Will"]
[Result "1-0"]
[WhiteElo "1847"]
[BlackElo "1547"]
[PlyCount "43"]
[EventDate "2020.05.26"]
[WhiteTeam "Morriston Alekhine"]
[BlackTeam "Dorking"]

1. e4 c5 2. Nc3 d6 3. f4 Nc6 4. Bb5 Nf6 5. Bxc6+ bxc6 6. Nf3 g6 7. d3 Bg7 8.
O-O O-O 9. Qe1 Qb6 10. Kh1 Ba6 11. Qh4 Rfe8 12. f5 c4 13. fxg6 fxg6 14. d4 Nd7
15. Ng5 h5 16. Ne6 Bxd4 17. Qg5 Ne5 18. Qh6 Ng4 19. Qxg6+ Kh8 20. Qxh5+ Kg8 21.
Qxg4+ Kh8 22. Rf5 1-0

[Event "4NCL Online Division 4"]
[Site "online"]
[Date "2020.05.26"]
[Round "8.114"]
[White "Sedgwick, Robert"]
[Black "Jones, Huw"]
[Result "0-1"]
[WhiteElo "1502"]
[BlackElo "1617"]
[PlyCount "84"]
[EventDate "2020.05.26"]
[WhiteTeam "Dorking"]
[BlackTeam "Morriston Alekhine"]

1. e4 d5 2. exd5 Nf6 3. d4 Bg4 4. f3 Bf5 5. c4 e6 6. dxe6 Nc6 7. d5 Nb4 8. Qa4+
b5 9. Qxb5+ c6 10. exf7+ Kxf7 11. Qb7+ Kg8 12. Na3 Qe8+ 13. Be2 Bc5 14. Be3 Rb8
15. Qxb8 Qxb8 16. Bxc5 Nd3+ 17. Bxd3 Bxd3 18. dxc6 Qe5+ 19. Kd2 Qxc5 20. Kxd3
Kf7 21. Ne2 Rd8+ 22. Kc2 Qxc6 23. Rad1 Re8 24. Nd4 Qa4+ 25. Kb1 Qb4 26. Nab5
Kg8 27. b3 a6 28. Nc7 Re3 29. Nc2 Qc3 30. Nxe3 Qxe3 31. Rhe1 Qc5 32. Nxa6 Qf5+
33. Kb2 h6 34. c5 Nd5 35. c6 Qf6+ 36. Kc1 Qxc6+ 37. Kb2 Qc3+ 38. Kb1 Ne3 39.
Rd8+ Kh7 40. Nb4 Qxe1+ 41. Kb2 Qxb4 42. Re8 Nd1+ 0-1

[Event "4NCL Online Division 4"]
[Site "online"]
[Date "2020.05.26"]
[Round "8.121"]
[White "Bozinakis, Pavlos"]
[Black "Tarling, Ray"]
[Result "1-0"]
[WhiteElo "2216"]
[BlackElo "1930"]
[PlyCount "101"]
[EventDate "2020.05.26"]
[WhiteTeam "Phones Pals"]
[BlackTeam "Guildford Gatekeepers"]

1. d4 d6 2. c4 e5 3. d5 f5 4. Nc3 Nf6 5. Qc2 Be7 6. e4 fxe4 7. Bg5 Nxd5 8. cxd5
Bxg5 9. Nxe4 Be7 10. Nf3 O-O 11. Bd3 c6 12. Qb3 Qb6 13. Qc4 Qa5+ 14. Nc3 cxd5
15. Qxd5+ Qxd5 16. Nxd5 Bd8 17. Rc1 Nc6 18. O-O Bg4 19. Be4 Bxf3 20. gxf3 Nd4
21. Kg2 Bg5 22. Ne3 Rab8 23. Rc7 Kh8 24. Rfc1 Ne6 25. Rxb7 Nf4+ 26. Kf1 d5 27.
Rxb8 Rxb8 28. Bb1 Kg8 29. b3 Ne6 30. Rc6 Kf7 31. Nxd5 Rd8 32. Be4 Rd7 33. Bf5
Nd4 34. Bxd7 Nxc6 35. Bxc6 Ke6 36. Ne3 g6 37. Bd5+ Kd6 38. Bg8 h6 39. Bf7 Bf4
40. h3 g5 41. Ng4 Kc5 42. Nxh6 Kb4 43. a4 Kc3 44. Ke2 Kd4 45. Nf5+ Kc3 46. Bc4
Kc2 47. Ne3+ Kb2 48. Kd3 Ka3 49. Ke4 Kb4 50. Nd5+ Kc5 51. Nxf4 1-0

[Event "4NCL Online Division 4"]
[Site "online"]
[Date "2020.05.26"]
[Round "8.122"]
[White "Kammin, Samuel"]
[Black "McIntyre, John W"]
[Result "0-1"]
[WhiteElo "1795"]
[BlackElo "1912"]
[PlyCount "88"]
[EventDate "2020.05.26"]
[WhiteTeam "Guildford Gatekeepers"]
[BlackTeam "Phones Pals"]

1. d4 Nf6 2. Nf3 g6 3. g3 Bg7 4. Bg2 O-O 5. c4 d5 6. O-O Na6 7. Bf4 dxc4 8. Na3
Be6 9. Ng5 Bd5 10. e4 h6 11. exd5 hxg5 12. Be5 Nb4 13. Nxc4 Nbxd5 14. Rc1 c6
15. Qb3 Nb6 16. Na5 Qd7 17. Rfe1 e6 18. Qc2 Nfd5 19. Bxg7 Kxg7 20. Nb3 Qe7 21.
Nc5 Rab8 22. Qd2 Rfd8 23. Ne4 Qb4 24. Nc3 Nf6 25. Qxg5 Rxd4 26. Ne2 Rd7 27. Qe5
Qd6 28. Qa5 Ra8 29. Nc3 Nbd5 30. Rcd1 Qb4 31. Rxd5 Nxd5 32. Qxb4 Nxb4 33. a3
Nd5 34. Rd1 Rad8 35. Nxd5 cxd5 36. Rc1 Re8 37. f4 Ree7 38. Kf2 Rc7 39. Re1 Rc2+
40. Re2 Rec7 41. b4 Rxe2+ 42. Kxe2 Rc2+ 43. Kf3 Ra2 44. Kg4 Rxg2 0-1

[Event "4NCL Online Division 4"]
[Site "online"]
[Date "2020.05.26"]
[Round "8.123"]
[White "Narang, Vishal"]
[Black "Merriman, Rob"]
[Result "0-1"]
[WhiteElo "1487"]
[BlackElo "1727"]
[PlyCount "114"]
[EventDate "2020.05.26"]
[WhiteTeam "Phones Pals"]
[BlackTeam "Guildford Gatekeepers"]

1. e4 e6 2. c4 d5 3. cxd5 exd5 4. exd5 Nf6 5. Bb5+ Nbd7 6. Nc3 Bd6 7. Nge2 O-O
8. O-O Nb6 9. b3 Nbxd5 10. Bb2 c6 11. Bc4 Nb6 12. d4 Qc7 13. Ng3 Rd8 14. Nce2
Nbd5 15. Rc1 Nf4 16. Nxf4 Bxf4 17. Rc2 Nd5 18. a3 Be6 19. Qf3 Rd7 20. h3 Rad8
21. Ne2 Bg5 22. Qe4 Bf6 23. f4 g6 24. Qf3 Qb6 25. Kh1 Nc7 26. Bxe6 fxe6 27. Rd2
a6 28. Qe3 Kf7 29. Rfd1 Qa7 30. a4 Nd5 31. Qe4 Qb8 32. g4 Qd6 33. f5 exf5 34.
gxf5 Re7 35. fxg6+ hxg6 36. Qf3 Re3 37. Qg4 Rh8 38. Ng1 Rxb3 39. Ba1 Rg3 40.
Qe2 Rxg1+ 41. Kxg1 Rxh3 42. Rf1 Qg3+ 43. Qg2 Qe3+ 44. Rdf2 Rg3 45. Qxg3 Qxg3+
46. Kh1 Ne3 47. Rxf6+ Kg7 48. Rf7+ Kh6 49. R7f2 Nxf1 50. Rxf1 b5 51. d5 cxd5
52. Rg1 Qf3+ 53. Rg2 bxa4 54. Kh2 Qf4+ 55. Kh1 d4 56. Bb2 d3 57. Bc1 Qxc1+ 0-1

[Event "4NCL Online Division 4"]
[Site "online"]
[Date "2020.05.26"]
[Round "8.124"]
[White "Tarling, Adam"]
[Black "Sharan, Kartike"]
[Result "1-0"]
[WhiteElo "1705"]
[BlackElo "1140"]
[PlyCount "99"]
[EventDate "2020.05.26"]
[WhiteTeam "Guildford Gatekeepers"]
[BlackTeam "Phones Pals"]

1. e4 e5 2. Nf3 Nc6 3. d4 exd4 4. Nxd4 Nf6 5. Nxc6 bxc6 6. e5 Nd5 7. Bc4 Nb6 8.
Bb3 d5 9. exd6 cxd6 10. O-O Be7 11. Qf3 d5 12. Nd2 O-O 13. Re1 Bf6 14. a4 Re8
15. Rxe8+ Qxe8 16. Nf1 Ba6 17. Qe3 d4 18. Qxe8+ Rxe8 19. Bd2 c5 20. Ng3 d3 21.
cxd3 Bxb2 22. Rb1 Ba3 23. a5 Nd7 24. Ba4 Rd8 25. Bxd7 Bxd3 26. Rb3 Bc4 27. Rxa3
Rxd7 28. Rc3 Ba6 29. Rc2 Rd5 30. h3 c4 31. Rb2 h6 32. Ne4 Re5 33. f3 f5 34. Ng3
f4 35. Ne4 Bb5 36. Bxf4 Rf5 37. Bb8 a6 38. Nd6 Rc5 39. Nxb5 axb5 40. a6 c3 41.
Rc2 b4 42. a7 Ra5 43. Bd6 b3 44. Rxc3 b2 45. Rb3 Ra1+ 46. Kh2 Rxa7 47. Rxb2 Rd7
48. Be5 Re7 49. f4 Kf7 50. Rb6 1-0

[Event "4NCL Online Division 4"]
[Site "online"]
[Date "2020.05.26"]
[Round "8.131"]
[White "Clark, Matthew D H"]
[Black "Williams, Stephen M"]
[Result "1-0"]
[WhiteElo "1892"]
[BlackElo "1892"]
[PlyCount "47"]
[EventDate "2020.05.26"]
[WhiteTeam "Shropshire 3"]
[BlackTeam "Downend 2"]

1. e4 d5 2. exd5 Nf6 3. d4 Bg4 4. Nf3 Qxd5 5. Be2 e6 6. h3 Bh5 7. O-O Nc6 8. c4
Qd7 9. Be3 O-O-O 10. Nc3 Bxf3 11. Bxf3 Nxd4 12. Bxd4 Qxd4 13. Qa4 Bc5 14. Nb5
Qxb2 15. Rab1 Bxf2+ 16. Kh1 Qxb1 17. Rxb1 Nd7 18. Bxb7+ Kb8 19. Bc6 Bb6 20.
Bxd7 Rxd7 21. Nxa7 Rd1+ 22. Qxd1 Kxa7 23. Qa4+ Kb7 24. c5 1-0

[Event "4NCL Online Division 4"]
[Site "online"]
[Date "2020.05.26"]
[Round "8.132"]
[White "Tipper, David I"]
[Black "Kolbusz, George"]
[Result "1-0"]
[WhiteElo "1780"]
[BlackElo "1892"]
[PlyCount "111"]
[EventDate "2020.05.26"]
[WhiteTeam "Downend 2"]
[BlackTeam "Shropshire 3"]

1. e4 d5 2. exd5 Qxd5 3. Nc3 Qd6 4. d4 Nf6 5. Nf3 g6 6. g3 Bg7 7. Bg2 Qa6 8.
Bf4 c6 9. Ne5 Be6 10. Qd3 O-O 11. O-O Bf5 12. Qxa6 Nxa6 13. d5 cxd5 14. Nxd5
Nxd5 15. Bxd5 Nc5 16. Rfe1 e6 17. Bg2 Rac8 18. b4 Na4 19. c4 Bxe5 20. Bxe5 Rxc4
21. Bxb7 f6 22. Bd6 Rd8 23. Be7 Rd7 24. Ba6 Rc2 25. Bb5 Rxe7 26. Bxa4 Rd2 27.
Bc6 e5 28. b5 Be6 29. a4 Kf7 30. a5 Bd5 31. Bxd5+ Rxd5 32. b6 axb6 33. axb6 Rb5
34. Reb1 Rxb1+ 35. Rxb1 Rb7 36. Kf1 Ke6 37. Ke2 Kd5 38. Ke3 f5 39. Rb5+ Kd6 40.
f3 Ke6 41. h4 h6 42. Kd3 h5 43. Kc4 e4 44. fxe4 fxe4 45. Kd4 Kd6 46. Kxe4 Kc6
47. Rg5 Rg7 48. Ke5 Kxb6 49. Kf6 Rc7 50. Rxg6 Kb7 51. Rg7 Rxg7 52. Kxg7 Kc7 53.
Kg6 Kd7 54. Kxh5 Ke7 55. Kh6 Kf7 56. Kh7 1-0

[Event "4NCL Online Division 4"]
[Site "online"]
[Date "2020.05.26"]
[Round "8.133"]
[White "Tarr, Steve F"]
[Black "Ahmed, Bilal"]
[Result "1-0"]
[WhiteElo "1817"]
[BlackElo "1637"]
[PlyCount "53"]
[EventDate "2020.05.26"]
[WhiteTeam "Shropshire 3"]
[BlackTeam "Downend 2"]

1. d4 Nf6 2. Bf4 g6 3. Nc3 d5 4. e3 Bg7 5. h4 O-O 6. h5 Nxh5 7. Rxh5 gxh5 8.
Qxh5 Nc6 9. Nf3 e6 10. Bd3 f5 11. O-O-O Qf6 12. Rh1 Qg6 13. Qh2 Nb4 14. Be2 c5
15. Ne5 Bxe5 16. Bxe5 f4 17. e4 dxe4 18. Bh5 Qf5 19. g4 Qg5 20. Nxe4 Qe7 21.
Bd6 Qg7 22. Bxf8 Kxf8 23. Qxf4+ Kg8 24. Nf6+ Kh8 25. Ne8 Qe7 26. Bg6 Kg8 27.
Bxh7+ 1-0

[Event "4NCL Online Division 4"]
[Site "online"]
[Date "2020.05.26"]
[Round "8.134"]
[White "Benkhoucha, Samy"]
[Black "Smith, Mark"]
[Result "1-0"]
[WhiteElo "1427"]
[BlackElo "1832"]
[PlyCount "31"]
[EventDate "2020.05.26"]
[WhiteTeam "Downend 2"]
[BlackTeam "Shropshire 3"]

1. e4 Nf6 2. Nc3 e5 3. Bc4 Nc6 4. d3 Bc5 5. Nf3 d6 6. Bg5 h6 7. Bh4 g5 8. Bg3
Bg4 9. h4 Nh7 10. Nd5 Na5 11. Bb3 Nxb3 12. axb3 c6 13. Ne3 Bxe3 14. fxe3 Qf6
15. hxg5 Qg6 16. Rxh6 1-0

[Event "4NCL Online Division 4"]
[Site "online"]
[Date "2020.05.26"]
[Round "8.141"]
[White "Putar, Leon"]
[Black "Clissold, Ben S"]
[Result "1/2-1/2"]
[WhiteElo "1868"]
[BlackElo "2135"]
[PlyCount "153"]
[EventDate "2020.05.26"]
[WhiteTeam "St Benildus B"]
[BlackTeam "Manchester Juniors A"]

1. e4 e6 2. d4 d5 3. Nc3 Nf6 4. Bg5 Be7 5. e5 Nfd7 6. Bxe7 Qxe7 7. Nb5 Nb6 8.
Bd3 a6 9. Na3 c5 10. c3 Nc6 11. Nc2 Bd7 12. Nf3 Nc4 13. Bxc4 dxc4 14. O-O O-O
15. Qe2 b5 16. Rad1 Rfd8 17. Rd2 cxd4 18. Ncxd4 Qf8 19. Rfd1 Ne7 20. Qe4 h6 21.
a3 Nd5 22. Ne1 Bc8 23. Nec2 Bb7 24. Ne3 Qc5 25. Nxd5 Rxd5 26. Qg4 Rxe5 27. h4
Re4 28. Qg3 Qh5 29. Nf3 Rg4 30. Qh3 Qf5 31. Nd4 Qf4 32. Ne2 Qe4 33. Ng3 Qg6 34.
Kh2 Rf4 35. f3 Qf6 36. Nh5 Qxh4 37. Nxf4 Qxf4+ 38. Qg3 Qf6 39. Rd7 Bd5 40. Rc7
Qf5 41. Rd4 g6 42. Rf4 Qh5+ 43. Rh4 Qg5 44. Qxg5 hxg5 45. Rg4 a5 46. Rxg5 b4
47. axb4 axb4 48. cxb4 Ra2 49. Rg4 Rxb2 50. Rgxc4 Bxc4 51. Rxc4 Kg7 52. Kh3 Kf6
53. g3 Kf5 54. Rc5+ e5 55. b5 f6 56. Rd5 Rb3 57. Kg2 g5 58. Rc5 g4 59. fxg4+
Kxg4 60. Rc4+ Kf5 61. Rc5 Ke4 62. Rc6 f5 63. b6 Rb2+ 64. Kh3 Kf3 65. Rc3+ Ke4
66. Rc6 Rb1 67. Kg2 Ke3 68. Rc3+ Kd4 69. Rc6 e4 70. Kf2 Rb2+ 71. Kf1 e3 72.
Rd6+ Ke4 73. Rf6 Rf2+ 74. Ke1 Rb2 75. Kf1 Ke5 76. Rc6 Ke4 77. Rf6 1/2-1/2

[Event "4NCL Online Division 4"]
[Site "online"]
[Date "2020.05.26"]
[Round "8.142"]
[White "Parry, Samuel"]
[Black "Burke, Kevin A"]
[Result "1/2-1/2"]
[WhiteElo "1812"]
[BlackElo "1878"]
[PlyCount "51"]
[EventDate "2020.05.26"]
[WhiteTeam "Manchester Juniors A"]
[BlackTeam "St Benildus B"]

1. d4 e6 2. e4 d5 3. Nc3 Bb4 4. exd5 exd5 5. Bd3 Nc6 6. a3 Ba5 7. Nge2 Nge7 8.
O-O Bf5 9. Ng3 Bxd3 10. Qxd3 Bxc3 11. bxc3 Qd7 12. f4 f5 13. a4 h5 14. Re1
O-O-O 15. Rb1 h4 16. Qb5 b6 17. Ne2 Ng8 18. Qa6+ Kb8 19. a5 Nf6 20. Ba3 Ka8 21.
axb6 cxb6 22. Rxb6 Nb8 23. Qa5 Nc6 24. Qa6 Nb8 25. Qa5 Nc6 26. Qa6 1/2-1/2